00502nam a2200169 a 4500008004100000020001500041050001700056100002300073245005800096260003600154300002300190350000900213500002000222650003900242700003000281700002100311120416s1981 ||||||||||||||||| || u a0395292735 aQD 251.2 Whi aWhitaker, Robert D10aConcepts of general, organic and biological chemistry aBoston:bHoughton Mifflinc1981 axxvii, 763p.: ill. a0.00 aIncludes index. 0aCHEMISTRY--HANDBOOKS, MANUALS, ETC aFernandez, Jack E., 1930- aTsokos, Janice O